A quoi sert la sociologie des organisations ? Tome 2, Vers un nouveau raisonnement pour l'action (Record no. 36171)

MARC details
000 -LEADER
fixed length control field 00594 a2200241 4500
037 ## - SOURCE OF ACQUISITION
Source of stock number/acquisition 2, CIUF
037 ## - SOURCE OF ACQUISITION
Stock number 05/135
037 ## - SOURCE OF ACQUISITION
Stock number 05/136
020 ## - NUMERO INTERNATIONAL NORMALISE DES LIVRES
International Standard Book Number 2-84276-051-4
100 ## - VEDETTE PRINCIPALE - NOM DE PERSONNE
Personal name Crozier, Michel
100 ## - VEDETTE PRINCIPALE - NOM DE PERSONNE
Language of a work Fr
260 ## - PUBLICATION, DISTRIBUTION, ETC. (IMPRINT)
Place of publication, distribution, etc Paris
260 ## - PUBLICATION, DISTRIBUTION, ETC. (IMPRINT)
Name of publisher, distributor, etc Ed. Seli Arslan
245 ## - TITLE STATEMENT
Title A quoi sert la sociologie des organisations ? Tome 2, Vers un nouveau raisonnement pour l'action
260 ## - PUBLICATION, DISTRIBUTION, ETC. (IMPRINT)
Date of publication, distribution, etc 2000
300 ## - PHYSICAL DESCRIPTION
Extent 352 p.
300 ## - PHYSICAL DESCRIPTION
Other physical details 21 cm
630 ## - SUBJECT ADDED ENTRY--UNIFORM TITLE
Uniform title 30 - Sciences sociales en general
650 ## - SUBJECT ADDED ENTRY--TOPICAL TERM
Topical term or geographic name as entry element 3 - SCIENCES SOCIALES
650 ## - SUBJECT ADDED ENTRY--TOPICAL TERM
Topical term or geographic name as entry element Action sociale
Holdings
Withdrawn status Lost status Damaged status Not for loan Location (home branch) Sublocation or collection (holding branch) Date acquired Koha issues (times borrowed) Koha full call number Koha date last seen Price effective from Koha item type
        Bibliothèque Universitaire Centrale Bibliothèque Universitaire Centrale 28/02/2009   301:651 CRO 28/02/2009 28/02/2009 Livre


© 2008, Bibliothèques de l'Université d'Abomey-Calavi

04 BP 789 Cotonou, Tél. : +229 21 36 01 01, Fax : +229 21 35 06 32

Courriel : bu@bu.uac.bj